<?xml version="1.0" encoding="UTF-8"?>
<record
    xmlns:xsi="http://www.w3.org/2001/XMLSchema-instance"
    xsi:schemaLocation="http://www.loc.gov/MARC21/slim http://www.loc.gov/standards/marcxml/schema/MARC21slim.xsd"
    xmlns="http://www.loc.gov/MARC21/slim">

  <leader>01155nab a2200277 uc4500</leader>
  <controlfield tag="001">879810</controlfield>
  <controlfield tag="005">20240201193655.0</controlfield>
  <controlfield tag="008">040625e20030105                    spa  </controlfield>
  <datafield tag="035" ind1=" " ind2=" ">
    <subfield code="a">879810</subfield>
  </datafield>
  <datafield tag="035" ind1=" " ind2=" ">
    <subfield code="a">(OCoLC)820111418</subfield>
  </datafield>
  <datafield tag="040" ind1=" " ind2=" ">
    <subfield code="c">comduadb</subfield>
  </datafield>
  <datafield tag="041" ind1=" " ind2=" ">
    <subfield code="a">spa</subfield>
  </datafield>
  <datafield tag="100" ind1="1" ind2="0">
    <subfield code="a">Herrera Gutierrez, Eva</subfield>
    <subfield code="4">aut</subfield>
    <subfield code="e">aut</subfield>
    <subfield code="9">390063</subfield>
  </datafield>
  <datafield tag="245" ind1="1" ind2="3">
    <subfield code="a">El trastorno por deficit de atencion con hipeactividad desde una perspectiva actual. Orientaciones a padres y profesores</subfield>
  </datafield>
  <datafield tag="650" ind1=" " ind2=" ">
    <subfield code="a">Padres y maestros</subfield>
    <subfield code="9">108</subfield>
  </datafield>
  <datafield tag="650" ind1=" " ind2=" ">
    <subfield code="a">Conceptualizaci&#xF3;n</subfield>
    <subfield code="9">87625</subfield>
  </datafield>
  <datafield tag="650" ind1=" " ind2="7">
    <subfield code="a">Manual diagn&#xF3;stico y estad&#xED;stico de los trastornos mentales</subfield>
    <subfield code="2">dcs</subfield>
    <subfield code="9">220107</subfield>
  </datafield>
  <datafield tag="650" ind1=" " ind2=" ">
    <subfield code="a">Clasificaci&#xF3;n Internacional de enfermedades CIE-10</subfield>
    <subfield code="9">87949</subfield>
  </datafield>
  <datafield tag="650" ind1=" " ind2="0">
    <subfield code="a">Psicopatolog&#xED;a infantil</subfield>
    <subfield code="9">43467</subfield>
  </datafield>
  <datafield tag="650" ind1=" " ind2=" ">
    <subfield code="a">Ni&#xF1;os hiperactivos</subfield>
    <subfield code="9">39033</subfield>
  </datafield>
  <datafield tag="650" ind1=" " ind2="7">
    <subfield code="a">Trastorno por d&#xE9;ficit de atenci&#xF3;n con hiperactividad</subfield>
    <subfield code="2">armarc</subfield>
    <subfield code="9">858944</subfield>
  </datafield>
  <datafield tag="700" ind1="1" ind2="0">
    <subfield code="a">Calvo Llena, Maria Teresa</subfield>
    <subfield code="4">aut</subfield>
    <subfield code="e">aut</subfield>
    <subfield code="9">311430</subfield>
  </datafield>
  <datafield tag="700" ind1="1" ind2="0">
    <subfield code="a">Peyres Egea, Caridad</subfield>
    <subfield code="4">aut</subfield>
    <subfield code="e">aut</subfield>
    <subfield code="9">390064</subfield>
  </datafield>
  <datafield tag="773" ind1="0" ind2=" ">
    <subfield code="t">Revista de Psicolog&#xED;a General y Aplicada (Valencia)</subfield>
    <subfield code="g">Vol. 56, No. 001, Ene. 2003, p. 5-19</subfield>
    <subfield code="w">138510</subfield>
    <subfield code="x">0373-2002</subfield>
    <subfield code="0">70033</subfield>
  </datafield>
  <datafield tag="942" ind1=" " ind2=" ">
    <subfield code="c">ARIMP</subfield>
  </datafield>
  <datafield tag="999" ind1=" " ind2=" ">
    <subfield code="c">321654</subfield>
    <subfield code="d">321654</subfield>
  </datafield>
</record>
